000 00382nam a22001697a 4500
005 20160620171032.0
008 160620b xxu||||| |||| 00| 0 eng d
020 _a978-81-203-2452-7
041 _aeng
082 _b8631
100 _aPaneerseluam. R
_92356
245 _aResearch Methodology
260 _bPHI
_c2007
300 _a598
650 _aManagement
_9241
942 _cBK
999 _c3332
_d3331